000 00568cam a2200145 4500500
005 20260322011410.0
041 _afre
042 _adc
100 1 0 _aKoller, Sylvie
_eauthor
245 0 0 _aDominique Cardon - À quoi rêvent les algorithmes - Nos vies à l’heure des big data. Le Seuil, « La République des Idées », 2015, 106 pages, 11,80 €.
260 _c2016.
500 _a44
786 0 _nÉtudes | Février | 2 | 2016-01-26 | p. XXV-XXV | 0014-1941
856 4 1 _uhttps://shs.cairn.info/revue-etudes-2016-2-page-XXV?lang=fr&redirect-ssocas=7080
999 _c1764485
_d1764485